Devine l'entreprise en 1 phrase #3 - Statistiques

Statistiques générales
  • Ce quiz a été pris 81 fois
  • Le résultat moyen est 6 sur 10
Statistiques - réponses
Phrases Entreprises % Correct
Cette chaîne de poulet frit, née dans le Kentucky, est reconnaissable à son fondateur emblématique au visage barbu sur le logo. KFC
99%
Marque japonaise réputée pour sa fiabilité et ses voitures hybrides, elle est l'une des plus grandes entreprises automobiles au monde. Toyota
91%
Entreprise américaine spécialisée dans les paiements en ligne, permettant aux particuliers et aux entreprises d’envoyer et de recevoir de l'argent facilement. Paypal
79%
Entreprise chinoise spécialiste des smartphones, des objets connectés et des équipements télécoms. Huawei
77%
Cette entreprise américaine est connue pour ses processeurs et puces électroniques, alimentant la plupart des ordinateurs et serveurs dans le monde. Intel
69%
Société de livraison internationale, son logo est brun et ses camions parcourent le monde entier pour assurer des livraisons rapides. UPS
69%
Cette entreprise française est connue pour des franchises de jeux vidéo emblématiques comme Assassin’s Creed, Far Cry et Just Dance. Ubisoft
62%
Marque britannique iconique, connue pour ses trench-coats classiques et ses motifs à carreaux distinctifs. Burberry
61%
Géant du cinéma et du divertissement basé aux États-Unis, célèbre pour ses super-héros, ses dessins animés et ses plateformes de streaming. Warner Bros.
14%
Cette marque américaine est réputée pour ses produits de soins pour la peau, notamment sa fameuse crème "Dramatically Different Moisturizing Lotion." Clinique
4%
Aucun quiz correspondant
Distribution des résultats
% des personnes avec chaque résultat
Percentile par nombre de réponses
Votre historique - résultats
Vous n’avez pas pris ce quiz